Pla d'aforaments de la xarxa de carreteres : any / any /
Publicado:
Barcelona :
Diputació de Barcelona, Xarxa de Municipis, Servei de Vies Locals, Unitat d'Estadística i Suport Cartogràfic ,
2001
Descripción Física:
Volums : il·lustracions, mapes ; 30 cm
MARC
| LEADER | 00000nam a2200000Ia 4500 | ||
|---|---|---|---|
| 001 | 17855, 15324, 17856, 22375, 16840, 21320, 21215 | ||
| 008 | 160829s2001- xx 000 0 cat d | ||
| 080 | |a C-2-452, C-2-305, C-2-453, C-3-271, C-2-374, C-3-188, C-3-164 | ||
| 110 | 1 | |9 53945 |a Barcelona (Catalunya : Província). |b Unitat d'Estadística i Suport Cartogràfic | |
| 245 | |a Pla d'aforaments de la xarxa de carreteres : |b any / |c Unitat d'Estadística i Suport Cartogràfic | ||
| 260 | |a Barcelona : |b Diputació de Barcelona, Xarxa de Municipis, Servei de Vies Locals, Unitat d'Estadística i Suport Cartogràfic, |c 2001- | ||
| 300 | |a Volums : |b il·lustracions, mapes ; |c 30 cm | ||
| 310 | |a Anual | ||
| 362 | |a 2000- | ||
| 500 | |a Descripció basada en: 2000 | ||
| 500 | |a A partir de 2009 editat per Diputació de Barcelona. Gerència de Serveis d'Infraestructures Viàries i Mobilitat. Unitat d'Inventari | ||
| 590 | |a A la part superior de la portada: Àrea de Vies Locals. | ||
| 590 | |a Conté els mapes de les diferents carreteres de la Xarxa de la Diputació | ||
| 650 | 0 | |a Carreteres |x Barcelona (Província) |9 35728 | |
| 650 | |a Circulació |x Barcelona (Província) |x Estadístiques |9 22087 | ||
| 710 | |9 53817 |a Barcelona (Catalunya : Província). |b Servei de Vies Locals | ||
| 866 | |a 2000, 2001, 2002, 2003, 2004, 2005, 2006, 2007, 2008, 2009, 2010 | ||
| 901 | |a Arxiu | ||
| 942 | |n 1 |2 udc |c ARXIU | ||
| 952 | |0 0 |1 0 |4 0 |6 C2452_C2305_C2453_C3271_C2374_C3188_C3164 |7 1 |9 49140 |a Arxiu |b Arxiu |d 2016-12-01 |l 0 |o C-2-452, C-2-305, C-2-453, C-3-271, C-2-374, C-3-188, C-3-164 |p 17855, 15324, 17856, |r 2016-12-01 00:00:00 |w 2016-12-01 |y ARXIU | ||
| 952 | |0 0 |1 0 |4 0 |6 BIB819 |7 1 |9 62827 |a Arxiu |b Arxiu |d 2022-07-20 |h 2005 |l 0 |o Bib-819 |p 26291 |r 2022-07-20 00:00:00 |w 2022-07-20 |y ARXIU | ||
| 952 | |0 0 |1 0 |4 0 |6 BIB820 |7 1 |9 62828 |a Arxiu |b Arxiu |d 2022-07-20 |h 2006 (Volum I) |l 0 |o Bib-820 |p 26292 |r 2022-07-20 00:00:00 |w 2022-07-20 |y ARXIU | ||
| 952 | |0 0 |1 0 |4 0 |6 BIB821 |7 1 |9 62829 |a Arxiu |b Arxiu |d 2022-07-20 |h 2006 (Volum II) |l 0 |o Bib-821 |p 26293 |r 2022-07-20 00:00:00 |w 2022-07-20 |y ARXIU | ||
| 952 | |0 0 |1 0 |4 0 |6 BIB822 |7 1 |9 62830 |a Arxiu |b Arxiu |d 2022-07-20 |h 2009 |l 0 |o Bib-822 |p 26294 |r 2022-07-20 00:00:00 |w 2022-07-20 |y ARXIU | ||
| 952 | |0 0 |1 0 |4 0 |6 BIB823 |7 1 |9 62831 |a Arxiu |b Arxiu |d 2022-07-20 |h 2010 |l 0 |o Bib-823 |p 26295 |r 2022-07-20 00:00:00 |w 2022-07-20 |y ARXIU | ||
| 999 | |c 52979 |d 52979 | ||